Country nuclear bombs by % of world nukes - Statistics

General Stats
  • This quiz has been taken 363 times
  • The average score is 8 of 9
Answer Stats
Percentage of world nukes Country % Correct
44.59% United States of America
100%
44.87% Russia
99%
1.49% United Kingdom
96%
1.94% China
95%
2.07% France
94%
0.14% North Korea
92%
0.97% India
90%
1.04% Pakistan
87%
0.55% Israel
82%
No matching quizzes found
Score Distribution
Percent of People with Each Score
Percentile by Number Answered
Your Score History
You have not taken this quiz